000 00302nam a22001337a 4500
008 180928b xxu||||| |||| 00| 0 eng d
020 _a0070538719
041 _aeng
080 _a370
100 _a47
101 _aEDU
245 _aEssential Of Behavioral Research
_cRosnow,R,L
942 _2udc
_cBK
999 _c48702
_d48702